| 000 | 00000nas 2200000za 4500 |
| 001 | 9.838184 |
| 003 | CaOODSP |
| 005 | 20250303104653 |
| 007 | cr ||||||||||| |
| 008 | 170613d18851888oncar p os f0###a0eng|d |
| 022 | |y0844-675X |
| 040 | |aCaOODSP|beng |
| 043 | |an-cn--- |
| 086 | 1 |aCS11-202E-PDF |
| 245 | 00|aStatistical abstract and record |h[electronic resource]. |
| 260 | |aOttawa : |bDept. of Agriculture, |c1886-1889. |
| 310 | |aAnnual |
| 362 | 0 |a[1st year of issue] (1886 [i.e. 1885])-4th year of issue (1888). |
| 500 | |aDigitized edition from print [produced by Statistics Canada]. |
| 520 | |aCharts key trends and indicators in the nation's economy, population, society and environment. |
| 692 | 07|2gccst|aStatistics |
| 692 | 07|2gccst|aAlmanacs |
| 710 | 1 |aCanada. |bDepartment of Agriculture. |
| 775 | 08|tRésumé statistique pour l'année ... |w(CaOODSP)9.838190 |
| 780 | 00|tThe year book and almanac of Canada for ... |w(CaOODSP)9.838182 |
| 785 | 00|tThe statistical year-book of Canada for ... |w(CaOODSP)9.838186 |